[Event "39th Eastman Open 2016"]
[Site "Ghent BEL"]
[Date "2016.07.20"]
[Round "9.9"]
[White "Clemens, Adrian"]
[Black "Froeyman, Helmut"]
[Result "1/2-1/2"]
[WhiteTitle "FM"]
[BlackTitle "FM"]
[WhiteElo "2155"]
[BlackElo "2277"]
[WhiteFideId "1006487"]
[BlackFideId "203602"]
[EventDate "2016.07.16"]

1. d4 f5 2. g3 Nf6 3. Bg2 e6 4. c4 d5 5. Nf3 c6 6. O-O Bd6 7. Nc3 O-O 8. Qc2
Nbd7 9. cxd5 cxd5 10. Nb5 Bb8 11. Bf4 Bxf4 12. gxf4 Ne8 13. Rfc1 Nb6 14. Nc7
Nxc7 15. Qxc7 Nc4 16. Qxd8 Rxd8 17. b3 Nd6 18. Ne5 Bd7 19. Rc7 Bb5 20. e3 Rac8
21. Rac1 Rxc7 22. Rxc7 Rc8 23. Rxc8+ Nxc8 1/2-1/2

[Event "39th Eastman Open 2016"]
[Site "Ghent BEL"]
[Date "2016.07.20"]
[Round "9.10"]
[White "Draftian, Ashote"]
[Black "Deberdt, Joris"]
[Result "1-0"]
[WhiteTitle "FM"]
[WhiteElo "2283"]
[BlackElo "2110"]
[WhiteFideId "204552"]
[BlackFideId "243302"]
[EventDate "2016.07.16"]

1. e4 c5 2. Nf3 g6 3. Nc3 Bg7 4. d3 Nc6 5. Bg5 d6 6. Qd2 Bg4 7. Be2 Nf6 8. h3
Bxf3 9. Bxf3 Nd4 10. Bd1 h6 11. Be3 Nd7 12. O-O e6 13. Rb1 a6 14. Ne2 Kf8 15. c3
Nxe2+ 16. Bxe2 Kg8 17. d4 Qc7 18. Rbd1 c4 19. f4 Kh7 20. e5 d5 21. f5 gxf5 22.
g4 Rhg8 23. Kh1 f6 24. gxf5 fxe5 25. Bh5 exf5 26. Rxf5 Nf6 27. Rg1 Ne4 28. Bg6+
Kh8 29. Qe1 Bf6 30. dxe5 Rxg6 31. Rxg6 Bg5 32. Bxg5 hxg5 33. Rgxg5 Nxg5 34. Rxg5
Qh7 35. Qf1 Qe4+ 36. Kh2 Qc2+ 37. Rg2 1-0

[Event "39th Eastman Open 2016"]
[Site "Ghent BEL"]
[Date "2016.07.20"]
[Round "9.11"]
[White "Vermaat, Marcel"]
[Black "Cools, Gorik"]
[Result "1/2-1/2"]
[BlackTitle "FM"]
[WhiteElo "2176"]
[BlackElo "2293"]
[WhiteFideId "1012703"]
[BlackFideId "200298"]
[EventDate "2016.07.16"]

1. e4 e5 2. Bc4 Nf6 3. d3 c6 4. Nf3 d5 5. Bb3 a5 6. Nc3 Bb4 7. a3 Bxc3+ 8. bxc3
a4 9. Ba2 Nbd7 10. O-O O-O 11. exd5 cxd5 12. Bg5 Qc7 13. c4 e4 14. Nd4 Qe5 15.
Be3 exd3 16. cxd3 dxc4 17. Bxc4 Nb6 18. Nf3 Qd6 19. h3 Nbd5 20. Bd4 Bd7 21. Be5
Qc5 22. Qd2 b5 23. Ba2 Rfd8 24. Rfc1 1/2-1/2

[Event "39th Eastman Open 2016"]
[Site "Ghent BEL"]
[Date "2016.07.20"]
[Round "9.12"]
[White "Goormachtigh, Johan"]
[Black "Lammens, Tim"]
[Result "0-1"]
[WhiteTitle "FM"]
[BlackTitle "FM"]
[WhiteElo "2171"]
[BlackElo "2305"]
[WhiteFideId "200280"]
[BlackFideId "1008803"]
[EventDate "2016.07.16"]

1. d4 Nf6 2. c4 g6 3. Nc3 Bg7 4. e4 O-O 5. Nf3 d6 6. Be2 Nbd7 7. O-O e5 8. Be3
Re8 9. d5 Nh5 10. g3 Bf8 11. Ne1 Ng7 12. Nd3 Be7 13. Qd2 f5 14. f3 Rf8 15. b4
Nf6 16. c5 fxe4 17. fxe4 Bh3 18. cxd6 cxd6 19. Rfc1 Ng4 20. Bxg4 Bxg4 21. Nf2
Qd7 22. Nxg4 Qxg4 23. Rf1 Nh5 24. Qe2 Qxe2 25. Rxf8+ Kxf8 26. Nxe2 Nf6 27. Rc1
Bd8 28. Rc4 b5 29. Rc6 Nxe4 30. Ra6 Rc8 31. Rxa7 Nf6 32. Bh6+ Ke8 33. Kf1 Nxd5
34. Bd2 Rc2 35. Ke1 Bb6 36. Rxh7 Rxa2 37. Nc3 Nxc3 38. Bxc3 Bg1 39. Bd2 e4 40.
Bf4 d5 41. Rb7 d4 42. Rxb5 Ra1+ 43. Ke2 d3+ 44. Kd2 Bd4 45. Ra5 Rg1 46. Be5 Rg2+
47. Kd1 Be3 48. Bc3 Rc2 49. Re5+ Kf7 50. Bd2 Rxd2+ 51. Ke1 Rg2 0-1

[Event "39th Eastman Open 2016"]
[Site "Ghent BEL"]
[Date "2016.07.20"]
[Round "9.13"]
[White "Stone, Andrew M"]
[Black "De Jong, Jasper"]
[Result "1/2-1/2"]
[BlackTitle "CM"]
[WhiteElo "2208"]
[BlackElo "2138"]
[WhiteFideId "404985"]
[BlackFideId "1008340"]
[EventDate "2016.07.16"]

1. c4 e6 2. g3 d5 3. Bg2 Nf6 4. Nf3 c6 5. b3 b5 6. Qc2 Bd6 7. Bb2 O-O 8. O-O
bxc4 9. bxc4 Nbd7 10. d4 Ba6 11. Nbd2 Qc7 12. Rfc1 Rfc8 13. e4 Nxe4 14. Nxe4
dxe4 15. Ng5 Be7 16. Nxe4 Nb6 17. a4 Nxc4 18. Bf1 Rcb8 19. Bxc4 Bxc4 20. Qxc4
Rxb2 21. Qxc6 1/2-1/2

[Event "39th Eastman Open 2016"]
[Site "Ghent BEL"]
[Date "2016.07.20"]
[Round "9.14"]
[White "Praveen, Kumar C"]
[Black "Saligo, Luc"]
[Result "1-0"]
[WhiteTitle "IM"]
[WhiteElo "2246"]
[BlackElo "2086"]
[WhiteFideId "5007372"]
[BlackFideId "200557"]
[EventDate "2016.07.16"]

1. d4 Nf6 2. c4 c5 3. d5 d6 4. Nc3 e6 5. Nf3 exd5 6. cxd5 g6 7. g3 Bg7 8. Bg2
O-O 9. O-O Na6 10. Nd2 Nc7 11. a4 a6 12. Nc4 Rb8 13. a5 Nh5 14. Qb3 f5 15. Bf3
Bxc3 16. bxc3 Nf6 17. Nd2 Nce8 18. c4 b5 19. axb6 Rxb6 20. Qc2 Bd7 21. Bb2 Rf7
22. Bc3 Qb8 23. Rfb1 Bc8 24. Rxb6 Qxb6 25. Bg2 Re7 26. e3 Kf7 27. h4 Qc7 28. e4
fxe4 29. Nxe4 Nxe4 30. Bxe4 Nf6 31. Bxf6 Kxf6 32. Qc3+ Kf7 33. Qh8 1-0